|
|
|
|
| LEADER |
01147nam a22002652a 4500 |
| 001 |
001092890 |
| 003 |
CZ BrMZK |
| 005 |
20100714111525.0 |
| 007 |
ta |
| 008 |
100408s1888 gw er|||||||||||ger d |
| 040 |
|
|
|a BOA001
|b cze
|
| 100 |
0 |
|
|a Brigita,
|c Švédská, svatá,
|d asi 1303-1373
|7 jn20010601250
|4 aut
|
| 245 |
1 |
0 |
|a Leben und Offenbarungen der heiligen Brigitta.
|n Bd. 1., Tl. 1.,
|p Leben und Offenbarungen /
|c Birgitta sancta ; neu bearb., übersetzt und hrsg. von Ludwig Clarus ; aufs neue durchgeschen und verbess. von einem katholischen Priester
|
| 246 |
3 |
0 |
|a Leben und Offenbarungen
|
| 250 |
|
|
|a 2. Aufl.
|
| 260 |
|
|
|a Regensburg :
|b G.J. Manz,
|c 1888
|
| 300 |
|
|
|a 494 s.
|
| 490 |
1 |
|
|a Samlung der vorzüglichsten mystischen Schriften aller katholischen Völker ;
|v Bd. 10-13
|
| 700 |
1 |
|
|a Volk, Wilhelm Gustav Werner,
|d 1804-1869
|7 mzk2010577885
|4 edt
|
| 830 |
|
0 |
|a Samlung der vorzüglichsten mystischen Schriften aller katholischen Völker
|
| 910 |
|
|
|a BOA001
|b DEML-0646.462,1/1
|
| 990 |
|
|
|a BK
|
| 993 |
|
|
|a Y
|
| 991 |
|
|
|b 201004
|
| 996 |
6 |
|
|b 2619536253
|c DEML-0646.462,1/1
|l MZK
|r Sklad / do 24 hodin
|n 1
|w 001118215
|u 000010
|a 1
|e BOA001
|j MZK50
|s P
|